LEADER 03081nam 22005895 450 001 9910523905203321 005 20250626164433.0 010 $a3-030-92574-9 024 7 $a10.1007/978-3-030-92574-1 035 $a(MiAaPQ)EBC6855500 035 $a(Au-PeEL)EBL6855500 035 $a(CKB)20667477100041 035 $a(DE-He213)978-3-030-92574-1 035 $a(EXLCZ)9920667477100041 100 $a20220112d2022 u| 0 101 0 $aeng 135 $aurcnu|||||||| 181 $ctxt$2rdacontent 182 $cc$2rdamedia 183 $acr$2rdacarrier 200 10$aAdvances in Engineering Research and Application $eProceedings of the International Conference on Engineering Research and Applications, ICERA 2021 /$fedited by Duy Cuong Nguyen, Ngoc Pi Vu, Banh Tien Long, Horst Puta, Kai-Uwe Sattler 205 $a1st ed. 2022. 210 1$aCham :$cSpringer International Publishing :$cImprint: Springer,$d2022. 215 $a1 online resource (967 pages) 225 1 $aLecture Notes in Networks and Systems,$x2367-3389 ;$v366 311 08$aPrint version: Nguyen, Duy Cuong Advances in Engineering Research and Application Cham : Springer International Publishing AG,c2022 9783030925734 330 $aThis book covers the International Conference on Engineering Research and Applications (ICERA 2021), which took place at Thai Nguyen University of Technology, Thai Nguyen, Vietnam on December 1?2, 2021, and provided an international forum to disseminate information on latest theories and practices in engineering research and applications. The conference focused on original research work in areas including mechanical engineering, materials and mechanics of materials, mechatronics and micromechatronics, automotive engineering, electrical and electronics engineering, information and communication technology. By disseminating the latest advances in the field, the Proceedings of ICERA 2021, Advances in Engineering Research and Application, helps academics and professionals alike to reshape their thinking on sustainable development. . 410 0$aLecture Notes in Networks and Systems,$x2367-3389 ;$v366 606 $aEngineering mathematics 606 $aEngineering$xData processing 606 $aMechanical engineering 606 $aElectrical engineering 606 $aMathematical and Computational Engineering Applications 606 $aMechanical Engineering 606 $aElectrical and Electronic Engineering 615 0$aEngineering mathematics. 615 0$aEngineering$xData processing. 615 0$aMechanical engineering. 615 0$aElectrical engineering. 615 14$aMathematical and Computational Engineering Applications. 615 24$aMechanical Engineering. 615 24$aElectrical and Electronic Engineering. 676 $a620 676 $a620 702 $aNguye??n$b Duy C??ng 801 0$bMiAaPQ 801 1$bMiAaPQ 801 2$bMiAaPQ 906 $aBOOK 912 $a9910523905203321 996 $aAdvances in Engineering Research and Application$92994667 997 $aUNINA